[Event "GER-ch U16"]
[Site "Willingen"]
[Date "2021.08.24"]
[Round "3"]
[White "Weihrauch, Jakob"]
[Black "Gallasch, Jonas"]
[Result "1/2-1/2"]
[WhiteElo "2137"]
[BlackElo "2046"]
[PlyCount "108"]
[EventDate "2021.08.22"]
[EventType "swiss"]
[EventRounds "9"]
[EventCountry "GER"]
[SourceTitle "EXT 2022"]
[Source "ChessBase"]
[SourceDate "2021.10.06"]
[SourceVersion "1"]
[SourceVersionDate "2021.10.06"]
[SourceQuality "1"]

1. e4 c6 2. Nc3 d5 3. Nf3 Bg4 4. h3 Bxf3 5. Qxf3 e6 6. Be2 Nd7 7. d4 dxe4 8. Nxe4 Ngf6 9. Ng3 Qb6 10. c3 c5 11. dxc5 Bxc5 12. 0-0 0-0 13. h4 Bd6 14. Ne4 Nxe4 15. Qxe4 Nf6 16. Qa4 a6 17. Bf3 Qc7 18. Bg5 Nd7 19. Rad1 Nc5 20. Qg4 f5 21. Qc4 b5 22. Qd4 Be5 23. Qe3 Rae8 24. Rfe1 Bh2+ 25. Kh1 h6 26. g3 hxg5 27. Qxg5 Ne4 28. Bxe4 fxe4 29. Rd2 Rxf2 30. Rxf2 Bxg3 31. Qg6 Re7 32. Rff1 Bxe1 33. Rxe1 Qf4 34. Qxe4 Qxe4+ 35. Rxe4 Kf7 36. a4 Rb7 37. Rb4 Ke7 38. c4 Kd6 39. cxb5 Kc5 40. Re4 axb5 41. Re5+ Kb4 42. Rxb5+ Rxb5 43. axb5 Kxb5 44. Kg2 Kc4 45. Kf2 Kb3 46. Ke3 Kxb2 47. Kd2 Kb1 48. h5 Kb2 49. Kd3 Kc1 50. Ke4 Kd2 51. Ke5 Ke3 52. Kxe6 Kf4 53. Kf7 Kg5 54. Kxg7 Kxh5 1/2-1/2

[Event "GER-chT U16"]
[Site "Willingen"]
[Date "2021.06.26"]
[Round "5.3"]
[White "Sulayev, Daniel"]
[Black "Weihrauch, Jakob"]
[Result "0-1"]
[WhiteElo "2209"]
[BlackElo "2146"]
[PlyCount "64"]
[EventDate "2021.06.23"]
[EventType "team-swiss"]
[EventRounds "7"]
[EventCountry "GER"]
[SourceTitle "CBM 203 Extra"]
[Source "ChessBase"]
[SourceDate "2021.09.30"]
[SourceVersion "1"]
[SourceVersionDate "2021.09.30"]
[SourceQuality "1"]
[WhiteTeam "Berlin Empor"]
[BlackTeam "Hamburger SK"]
[WhiteTeamCountry "GER"]
[BlackTeamCountry "GER"]

1. c4 e6 2. Nc3 d5 3. e3 Nf6 4. Nf3 Be7 5. b3 0-0 6. Bb2 b6 7. cxd5 exd5 8. d4 Bb7 9. Bd3 c5 10. 0-0 Nbd7 11. Ne5 cxd4 12. exd4 a6 13. Qe2 b5 14. Rae1 Bd6 15. f4 b4 16. Na4 Ra7 17. Rf3 Ne4 18. Rh3 f5 19. g4 fxg4 20. Qxg4 Nxe5 21. dxe5 Bc8 22. Qh5 Bxh3 23. Qxh3 Bb8 24. Qe6+ Raf7 25. Bxe4 dxe4 26. Rxe4 Qd1+ 27. Kg2 Qc2+ 28. Kf3 Qd3+ 29. Re3 Qf1+ 30. Ke4 Qxf4+ 31. Kd3 Rd8+ 32. Ke2 Qf2# 0-1

[Event "GER-chT U16"]
[Site "Willingen"]
[Date "2021.06.25"]
[Round "3.1"]
[White "Liebold, Aaron"]
[Black "Weihrauch, Jakob"]
[Result "1-0"]
[WhiteElo "1995"]
[BlackElo "2146"]
[PlyCount "57"]
[EventDate "2021.06.23"]
[EventType "team-swiss"]
[EventRounds "7"]
[EventCountry "GER"]
[SourceTitle "CBM 203 Extra"]
[Source "ChessBase"]
[SourceDate "2021.09.30"]
[SourceVersion "1"]
[SourceVersionDate "2021.09.30"]
[SourceQuality "1"]
[WhiteTeam "Gera"]
[BlackTeam "Hamburger SK"]
[WhiteTeamCountry "GER"]
[BlackTeamCountry "GER"]

1. e4 c5 2. Nc3 d6 3. g3 Nc6 4. Bg2 g6 5. d3 Bg7 6. Be3 Rb8 7. Qd2 b5 8. Nge2 b4 9. Nd1 Nd4 10. 0-0 h5 11. c3 Nxe2+ 12. Qxe2 h4 13. d4 hxg3 14. fxg3 cxd4 15. cxd4 Nf6 16. Nf2 Bd7 17. e5 Bb5 18. Qf3 dxe5 19. dxe5 Nd7 20. Rfd1 Qa5 21. e6 fxe6 22. Qg4 Bxb2 23. Qxg6+ Kd8 24. Rab1 Bf6 25. Ne4 Qxa2 26. Nxf6 exf6 27. Qxf6+ Kc7 28. Rbc1+ Bc4 29. Qxe6 1-0

[Event "GER-chT Online Liga 1 GpD"]
[Site "Playchess.com INT"]
[Date "2021.02.25"]
[Round "4.2"]
[White "Lagunow, Raphael"]
[Black "Weihrauch, Jakob"]
[Result "1-0"]
[WhiteElo "2378"]
[BlackElo "2146"]
[PlyCount "69"]
[EventDate "2021.01.18"]
[EventType "team-tourn (rapid)"]
[EventRounds "7"]
[EventCountry "GER"]
[SourceTitle "EXT 2022"]
[Source "ChessBase"]
[SourceDate "2021.10.06"]
[SourceVersion "1"]
[SourceVersionDate "2021.10.06"]
[SourceQuality "1"]
[WhiteTeam "Zehlendorf"]
[BlackTeam "Hamburger SK"]
[WhiteTeamCountry "GER"]
[BlackTeamCountry "GER"]

1. e4 e5 2. Nf3 Nc6 3. Bc4 Bc5 4. c3 Nf6 5. d4 exd4 6. b4 Bd6 7. 0-0 0-0 8. b5 Na5 9. Bd3 Re8 10. Re1 Bf8 11. e5 dxc3 12. exf6 Rxe1+ 13. Qxe1 Qxf6 14. Qxc3 Qxc3 15. Nxc3 c6 16. Bd2 b6 17. Re1 Bb7 18. Bf4 Bb4 19. Rc1 c5 20. Nb1 Bxf3 21. gxf3 d5 22. a3 Nb3 23. axb4 Nxc1 24. Bxc1 c4 25. Bf1 a5 26. bxa6 Rxa6 27. Be3 Ra4 28. b5 Rb4 29. Nc3 Rb3 30. Bd4 Kf8 31. f4 Rb2 32. Bxb6 Rd2 33. Be3 Rc2 34. Nxd5 c3 35. b6 1-0

[Event "GER-chT Online Liga 1 GpD"]
[Site "Playchess.com INT"]
[Date "2021.01.25"]
[Round "1.3"]
[White "Weihrauch, Jakob"]
[Black "Johannsen, Dennis"]
[Result "0-1"]
[WhiteElo "2146"]
[BlackElo "2126"]
[PlyCount "88"]
[EventDate "2021.01.18"]
[EventType "team-tourn (rapid)"]
[EventRounds "7"]
[EventCountry "GER"]
[SourceTitle "CBM 200 Extra"]
[Source "ChessBase"]
[SourceDate "2021.03.31"]
[SourceVersion "1"]
[SourceVersionDate "2021.03.31"]
[SourceQuality "1"]
[WhiteTeam "Hamburger SK"]
[BlackTeam "Eppendorf Johanneum"]
[WhiteTeamCountry "GER"]
[BlackTeamCountry "GER"]

1. e4 c6 2. d4 d5 3. e5 Bf5 4. h4 Qb6 5. g4 Bd7 6. h5 e6 7. f4 c5 8. c3 Nc6 9. Nf3 Rc8 10. a3 Nh6 11. Rg1 Be7 12. b4 cxd4 13. cxd4 Nxd4 14. Qxd4 Rxc1+ 15. Kd2 Rc8 16. Qxb6 axb6 17. Nc3 0-0 18. Bd3 f6 19. Ne2 Nf7 20. g5 fxg5 21. fxg5 Nd8 22. Ke3 Nc6 23. Ned4 Nxd4 24. Nxd4 Rc3 25. Ne2 Rb3 26. Nd4 Rb2 27. Bc2 Rc8 28. Rg2 Kh8 29. Kd2 Ba4 30. Kc1 Rbxc2+ 31. Nxc2 Bxg5+ 32. Kb2 Bf4 33. Re1 Rc4 34. Rf2 Kg8 35. Ree2 Be8 36. h6 Bxh6 37. Ne3 Re4 38. Ng2 Rxe2+ 39. Rxe2 d4 40. Rc2 d3 41. Rc8 Kf7 42. Rd8 d2 43. Kb3 Bc6 44. Nh4 Bg5 0-1